Autonomia portuguesa

Detalles Bibliográficos
Autor principal: Ourique, Arnaldo
Formato: Desconocido
Lenguaje:portugués
Publicado: Barcelona : Vlex, 2008
Materias:
Acceso en línea:Acceso restringido

MARC

LEADER 00000ny a22000003n 4500
005 20110627104246.0
008 080821s2008 po s 000 0 por d
035 |a 2155 
040 |a UMA.RE  |d vLex 
080 |a 342.25(469)(0.034) 
080 |a 342.9(469)(0.034) 
090 |c 1116  |d 1116 
100 1 |a Ourique, Arnaldo 
245 1 0 |a Autonomia portuguesa  |h [Recurso electrn̤ico]  |c Arnaldo Ourique 
256 |a Servicio en ln̕ea 
260 |a Barcelona :  |b Vlex,  |c 2008 
506 1 |a Contenido solo disponible en los productos indicados  |d vLex Global  |d vLex Global (Academic Edition, excluding Law Schools)  |d vLex Global (U.S. Academic Edition, Law Schools)  |d vLex Global (U.S. Academic Edition, excluding Law Schools)  |d vLex Global (Academic Edition, Law Schools) 
650 0 4 |a Administracin̤ autonm̤ica  |z Portugal 
651 4 |a Portugal  |x Polt̕ica y gobierno 
740 0 |a vLex Libros (Servicios en ln̕ea) 
856 4 0 |u http://vlex.com/source/2155  |z Acceso restringido 
942 |c BOOK 
999 0 4 |a Administracin̤ autonm̤ica  |z Portugal  |v En ln̕ea 
999 0 4 |a Autonomia  |z Portugal  |v En ln̕ea 
999 0 4 |a Portugal  |v En ln̕ea